Aaj aur Kal (Record no. 18486)

MARC details
000 -LEADER
fixed length control field 01222ngm a2200361 4500
003 - CONTROL NUMBER IDENTIFIER
control field dpl
005 - DATE AND TIME OF LATEST TRANSACTION
control field 20181217154240.0
007 - PHYSICAL DESCRIPTION FIXED FIELD--GENERAL INFORMATION
fixed length control field DVD 4 3/4inch
008 - FIXED-LENGTH DATA ELEMENTS--GENERAL INFORMATION
fixed length control field ||||||sp199 xxu|||||c ||| 00| 0 ng d
010 ## - LIBRARY OF CONGRESS CONTROL NUMBER
LC control number DVD-001093-1095 & DVD-004333-4336
024 ## - OTHER STANDARD IDENTIFIER
Standard number or code SHE DVD 333
Terms of availability 169.00
035 ## - SYSTEM CONTROL NUMBER
System control number DVD-001093-1095
035 ## - SYSTEM CONTROL NUMBER
System control number DVD-004333-4336
040 ## - CATALOGING SOURCE
Original cataloging agency DPL
Transcribing agency DPL
082 ## - DEWEY DECIMAL CLASSIFICATION NUMBER
Classification number DVD / AAJA
245 ## - TITLE STATEMENT
Title Aaj aur Kal
Statement of responsibility, etc Chitra Panchdeep Presents
Medium [videorecording] DVD/
260 ## - PUBLICATION, DISTRIBUTION, ETC. (IMPRINT)
Name of publisher, distributor, etc Shemaroo Entertainment Pvt. Ltd.
300 ## - PHYSICAL DESCRIPTION
Extent 1 videodisc DVD; (145 min.) :
Other physical details sd., col. ;
Dimensions 4 3/4 in.
Type of unit DVD
440 ## - SERIES STATEMENT/ADDED ENTRY--TITLE
Title Shemaroo Home Entertainment
500 ## - GENERAL NOTE
General note RE--MASTERED FROM THE ORIGINAL FILM<br/>
538 ## - SYSTEM DETAILS NOTE
System details note Dolby Digital 5.1 - Hindi Subtitles: English
650 ## - SUBJECT ADDED ENTRY--TOPICAL TERM
Topical term or geographic name as entry element Motion Picture
700 ## - ADDED ENTRY--PERSONAL NAME
Personal name Joglekar, Vasant
700 ## - ADDED ENTRY--PERSONAL NAME
Personal name Deshpande,P.L
700 ## - ADDED ENTRY--PERSONAL NAME
Personal name Sahir
700 ## - ADDED ENTRY--PERSONAL NAME
Personal name Ravi
700 ## - ADDED ENTRY--PERSONAL NAME
Personal name Ashok Kumar
700 ## - ADDED ENTRY--PERSONAL NAME
Personal name Dutt,Sunil
700 ## - ADDED ENTRY--PERSONAL NAME
Personal name Nanda
942 ## - ADDED ENTRY ELEMENTS (KOHA)
Item type CD-ROMs, DVDs, VHS
Source of classification or shelving scheme Dewey Decimal Classification
Classification part DVD
Call number suffix AAJA
Holdings
Withdrawn status Lost status Source of classification or shelving scheme Damaged status Not for loan Home library Current library Date acquired Source of acquisition Cost, normal purchase price Total Checkouts Full call number Barcode Date last seen Date last borrowed Copy number Cost, replacement price Price effective from Koha item type Collection code
    Dewey Decimal Classification     Central Library Central Library 17/11/2008 Purchase 169.00 33 DVD AAJA DVD-001093 22/09/2019 08/09/2019 1 169.00 17/11/2008 CD-ROMs, DVDs, VHS  
    Dewey Decimal Classification     Janak Puri Janak Puri 11/11/2009 Pioneers/885/29-10-09/325/13-10-09 /06-11-09 169.00 11 DVD AAJA DVD-004333 07/05/2013 23/04/2013 1 169.00 11/11/2009 CD-ROMs, DVDs, VHS Non-fiction
    Dewey Decimal Classification     Karol Bagh Karol Bagh 11/11/2009 Pioneers/885/29-10-09/325/13-10-09 /06-11-09 169.00 7 DVD AAJA DVD-004336 26/11/2013 12/11/2013 1 169.00 11/11/2009 CD-ROMs, DVDs, VHS Non-fiction
    Dewey Decimal Classification     Patel Nagar Patel Nagar 17/11/2008 Purchase   6 DVD AAJA DVD-001095 18/12/2012 23/11/2012 1 169.00 17/11/2008 CD-ROMs, DVDs, VHS  
    Dewey Decimal Classification     R.K.Puram-8 R.K.Puram-8 11/11/2009 Pioneers/885/29-10-09/325/13-10-09 /06-11-09 169.00 1 DVD AAJA DVD-004334 09/07/2011 01/07/2011 1 169.00 11/11/2009 CD-ROMs, DVDs, VHS Non-fiction
    Dewey Decimal Classification     Sarojini Nagar Sarojini Nagar 17/11/2008 Purchase 169.00 6 DVD AAJA DVD-001094 12/03/2014 07/03/2014 1 169.00 17/11/2008 CD-ROMs, DVDs, VHS  
    Dewey Decimal Classification     Vinoba Puri Vinoba Puri 11/11/2009 Pioneers/885/29-10-09/325/13-10-09 /06-11-09 169.00 2 DVD AAJA DVD-004335 18/02/2012 03/02/2012 1 169.00 11/11/2009 CD-ROMs, DVDs, VHS Non-fiction

© Delhi Public Library
Hit Counter
free hit counter